Ekonomika jakosti v praxi

Enregistré dans:
Détails bibliographiques
Auteur principal: Nenadál, Jaroslav (Auteur)
Format: Livre
Langue:slovaque
Publié: Žilina : MASM, 1993
Édition:1. vyd
Sujets:
Tags: Ajouter un tag
Pas de tags, Soyez le premier à ajouter un tag!

MARC

LEADER 00000nam a22000003a 4500
001 stu154327
005 20150617225949.2
008 071219s1993----xo------------------slo-d
040 |a STU  |b slo 
041 0 |a slo 
044 |a xo 
080 |a 658.562:330.131 
100 1 |a Nenadál, Jaroslav  |4 aut 
245 1 |a Ekonomika jakosti v praxi 
250 |a 1. vyd 
260 |a Žilina :  |b MASM,  |c 1993 
300 |a 108 s 
650 7 |a kvalita ekonomická  |2 stusub 
996 |b 284M067112  |c M*12247-1  |l MMKN  |s A  |a 24  |w stu154327_0001 
996 |b 284M067113  |c M*12247-2  |l MMKN  |s A  |a 24  |w stu154327_0002